100 Greatest Women In Music - Statistics

General Stats
  • This quiz has been taken 9,403 times
  • The average score is 23 of 100
Answer Stats
Hint Answer % Correct
3. Beyoncé
80%
1. Madonna
79%
11. Britney Spears
66%
6. Whitney Houston
66%
17. Katy Perry
61%
4. Lady Gaga
61%
43. Taylor Swift
61%
20. Rihanna
60%
2. Mariah Carey
57%
5. Adele
56%
21. Celine Dion
55%
8. Christina Aguilera
53%
31. Cher
50%
10. P!nk
47%
81. Spice Girls
46%
7. Janet Jackson
44%
82. Miley Cyrus
43%
40. Nicki Minaj
43%
16. Jennifer Lopez
42%
19. Kelly Clarkson
41%
36. Shakira
41%
26. Amy Winehouse
37%
13. Gwen Stefani
37%
14. Alicia Keys
36%
59. Destiny's Child
33%
84. Avril Lavigne
31%
27. Fergie
31%
35. Shania Twain
31%
57. Ke$ha
28%
49. Amy Lee
27%
23. Carrie Underwood
27%
12. TLC
27%
15. Alanis Morissette
26%
99. Demi Lovato
26%
47. Kylie Minogue
25%
18. Missy Elliott
24%
77. Hayley Williams
23%
33. Norah Jones
23%
45. Lil' Kim
22%
9. Mary J. Blige
21%
100. Pussycat Dolls
21%
22. Annie Lennox
19%
76. Leona Lewis
19%
64. Eve
18%
50. Lauryn Hill
18%
51. Nelly Furtado
18%
74. Paula Abdul
18%
69. Courtney Love
17%
37. Faith Hill
17%
24. Jennifer Hudson
17%
25. Sheryl Crow
17%
72. Brandy
16%
91. Monica
16%
29. Björk
15%
73. Dido
15%
30. Sade
15%
48. Aaliyah
14%
39. Dixie Chicks
14%
56. Gloria Estefan
14%
67. M.I.A.
13%
34. Queen Latifah
13%
46. Toni Braxton
13%
38. Salt-N-Pepa
12%
98. Ashanti
11%
41. Jewel
11%
92. Jordin Sparks
11%
62. LeAnn Rimes
11%
96. Mandy Moore
11%
83. Meg White
11%
58. Miranda Lambert
11%
60. Florence And The Machine
10%
54. Tori Amos
10%
52. En Vogue
9%
85. Faith Evans
9%
55. Fiona Apple
9%
28. k.d. Lang
9%
70. Macy Gray
9%
66. Natasha Bedingfield
9%
61. Shirley Manson
9%
32. Fantasia
8%
89. Hillary Scott
8%
87. Robyn
8%
94. Colbie Caillat
7%
44. Erykah Badu
7%
42. Melissa Etheridge
7%
79. PJ Harvey
7%
53. Sarah McLachlan
7%
90. Regina Spektor
6%
80. Sara Bareilles
6%
88. SWV
6%
95. Wilson Phillips
6%
93. Feist
5%
97. Grace Potter
5%
68. Indigo Girls
5%
63. Jill Scott
5%
75. Kim Deal
5%
78. Kim Gordon
5%
65. Liz Phair
5%
86. Ingrid Michaelson
4%
71. Natalie Merchant
4%
No matching quizzes found
Score Distribution
Percent of People with Each Score
Percentile by Number Answered
Your Score History
You have not taken this quiz